Five place tables of elliptical functions : (رقم التسجيلة. 13526)
[ عرض عادي ]
| 000 -LEADER | |
|---|---|
| fixed length control field | nam a22 7a 4500 |
| 003 - CONTROL NUMBER IDENTIFIER | |
| control field | OSt |
| 005 - DATE AND TIME OF LATEST TRANSACTION | |
| control field | 20190403102727.0 |
| 008 - FIXED-LENGTH DATA ELEMENTS--GENERAL INFORMATION | |
| fixed length control field | 751022s1955 wb a fr 000 0 ger |
| 010 ## - LIBRARY OF CONGRESS CONTROL NUMBER | |
| LC control number | a 56004160 |
| 040 ## - CATALOGING SOURCE | |
| Original cataloging agency | EG-INP |
| Transcribing agency | EG-INP |
| Language of cataloging | ger |
| 082 04 - DEWEY DECIMAL CLASSIFICATION NUMBER | |
| Edition number | 21 |
| Classification number | 519.50212 |
| Item number | m f |
| 100 1# - MAIN ENTRY--PERSONAL NAME | |
| Personal name | Schuler, M.. |
| 245 10 - TITLE STATEMENT | |
| Title | Five place tables of elliptical functions : |
| Remainder of title | based on Jacobi's parameter q / |
| Statement of responsibility, etc. | M. schuler, H. gebelein. |
| 260 ## - PUBLICATION, DISTRIBUTION, ETC. | |
| Place of publication, distribution, etc. | Berlin : |
| Name of publisher, distributor, etc. | Springer, |
| Date of publication, distribution, etc. | 1955. |
| 300 ## - PHYSICAL DESCRIPTION | |
| Extent | 114 p. : |
| Other physical details | ill. ; |
| Dimensions | 24 cm. |
| 500 ## - GENERAL NOTE | |
| General note | Added t. p. in German. |
| 650 #7 - SUBJECT ADDED ENTRY--TOPICAL TERM | |
| Source of heading or term | qrmak |
| Topical term or geographic name entry element | Elliptic functions |
| Form subdivision | Tables. |
| 650 #7 - SUBJECT ADDED ENTRY--TOPICAL TERM | |
| Source of heading or term | qrmak |
| 650 #7 - SUBJECT ADDED ENTRY--TOPICAL TERM | |
| Source of heading or term | qrmak |
| 700 1# - ADDED ENTRY--PERSONAL NAME | |
| Personal name | Gebelein, H. |
| 901 ## - Cataloger Code | |
| a | EGPV30 |
| 902 ## - Reviwer Code | |
| a | EGPV10 |
| 903 ## - original or copycat | |
| a | copycat |
| 942 ## - ADDED ENTRY ELEMENTS (KOHA) | |
| Source of classification or shelving scheme | Dewey Decimal Classification |
| Koha item type | كتاب |
| Withdrawn status | Lost status | Source of classification or shelving scheme | Damaged status | Not for loan | Collection code | Home library | Current library | Shelving location | Date acquired | Total Checkouts | Full call number | Barcode | Date last seen | Price effective from | Koha item type |
|---|---|---|---|---|---|---|---|---|---|---|---|---|---|---|---|
| Dewey Decimal Classification | EN Book | Library INP | Library INP | Store | 05/09/2018 | 519.50212 m f | 017114 | 28/03/2022 | 05/09/2018 | كتاب |
Institute of National Planning Catalog